| 000 | 00817nas a2200253 a 4500 | ||
|---|---|---|---|
| 001 | 21701 | ||
| 003 | 63992 | ||
| 005 | 20201118100115.0 | ||
| 008 | ||||||n1992 ||| || || | ||
| 020 | _a1886061 | ||
| 041 | _aspa | ||
| 082 | _a352.1 | ||
| 100 | _aPérez Torres, Javier | ||
| 245 | 0 |
_aHacienda Municipal : _bInstituto para el Desarrollo Técnico de las Haciendas Públicas, INDETEC |
|
| 260 |
_aMéxico : _bInstituto para el Desarrollo Técnico de las Haciendas Públicas-INDETEC, _c1992. |
||
| 310 | _aTRIME | ||
| 562 | _e0 | ||
| 650 | _aBOGOTÁ (COLOMBIA)--ADMINISTRACIÓN PÚBLICA | ||
| 650 | _aDERECHO FISCAL--MEXICO | ||
| 650 | _aHACIENDA PÚBLICA--MÉXICO | ||
| 650 | _aMEXICO D.F. | ||
| 942 | _cSER | ||
| 999 |
_c21701 _d21701 |
||